[Event "BRA-ch sf"]
[Site "Brasilia"]
[Date "2011.11.01"]
[Round "6"]
[White "Cardoso, Helio"]
[Black "Silva, Joao Antonio"]
[Result "1-0"]
[WhiteElo "1924"]
[BlackElo "1694"]
[PlyCount "55"]
[EventDate "2011.10.29"]
[EventType "swiss"]
[EventRounds "8"]
[EventCountry "BRA"]
[SourceTitle "EXT 2012"]
[Source "ChessBase"]
[SourceDate "2011.11.24"]
[SourceVersion "1"]
[SourceVersionDate "2011.11.24"]
[SourceQuality "1"]

1. d4 Nf6 2. Nf3 e6 3. c4 h6 4. a3 a6 5. Nc3 Be7 6. e4 0-0 7. Bd3 d6 8. h3 Nc6 9. Be3 b6 10. Qd2 Bb7 11. g4 Nh7 12. h4 f5 13. gxf5 exf5 14. Rg1 Kh8 15. exf5 Nf6 16. Bxh6 Rg8 17. 0-0-0 Bf8 18. Bg5 Na5 19. Qe2 Bxf3 20. Qxf3 Nb3+ 21. Kb1 Nxd4 22. Qe3 c5 23. Rg2 Qd7 24. Rdg1 Re8 25. Qf4 Qf7 26. Bxf6 Qxf6 27. Nd5 Qf7 28. f6 1-0

[Event "BRA-ch sf"]
[Site "Brasilia"]
[Date "2011.10.31"]
[Round "5"]
[White "Silva, Joao Antonio"]
[Black "Dibai, Jerry"]
[Result "0-1"]
[WhiteElo "1694"]
[BlackElo "1787"]
[PlyCount "100"]
[EventDate "2011.10.29"]
[EventType "swiss"]
[EventRounds "8"]
[EventCountry "BRA"]
[SourceTitle "EXT 2012"]
[Source "ChessBase"]
[SourceDate "2011.11.24"]
[SourceVersion "1"]
[SourceVersionDate "2011.11.24"]
[SourceQuality "1"]

1. e4 c5 2. Bc4 g6 3. a3 Bg7 4. d3 Nc6 5. Nc3 e6 6. Ba2 Nge7 7. Nf3 0-0 8. Bg5 Qb6 9. Qc1 Re8 10. 0-0 Nd4 11. Nd2 d5 12. Re1 dxe4 13. Ndxe4 e5 14. Bxe7 Rxe7 15. Nd5 Qd8 16. Nef6+ Kh8 17. Nxe7 Qxe7 18. Nd5 Qh4 19. Re4 Qh5 20. c3 Ne2+ 21. Rxe2 Qxe2 22. Qg5 Bf5 23. Bc4 Bxd3 24. Bxd3 Qxd3 25. Nf6 Qd8 26. Qxe5 Qxf6 27. Qxc5 Qc6 28. Qe7 Re8 29. Qxf7 Qe6 30. Qxe6 Rxe6 31. g3 Re2 32. Rb1 Bf8 33. Kg2 Bc5 34. Kh3 Rxf2 35. b4 Be3 36. c4 Ra2 37. Rb3 Bc1 38. Rd3 Rd2 39. Rxd2 Bxd2 40. Kg4 Kg7 41. c5 Kf6 42. Kf3 Kf5 43. Ke2 Bc1 44. Kd3 Bxa3 45. Kc4 Bc1 46. b5 Be3 47. c6 bxc6 48. bxc6 Bb6 49. Kb5 Ke6 50. h4 h5 0-1